| 000 | 00523nam a2200181 4500 | ||
|---|---|---|---|
| 001 | 22357 | ||
| 005 | 20230410143347.0 | ||
| 008 | 060907n2004 dr spa | ||
| 020 | _a9280810847 | ||
| 035 | _9funglode22520 | ||
| 041 | _aEN | ||
| 050 | 1 | 4 | _aSD 397 M277 2004 |
| 245 | 0 |
_aMangrove management and conservation : _bpresent and future / _cedited by Marta Vannucci |
|
| 260 |
_aTokyo : _bUnited Nations University Press, _c2004 |
||
| 300 | _axvi, 324 p. | ||
| 700 | _aVannucci, Marta | ||
| 942 |
_2lcc _cbk |
||
| 999 |
_c100262 _d100262 |
||